Incentivos económicos para la mejora del ambiente de trabajo Resumen y conclusiones de un estudio internacional /

שמור ב:
מידע ביבליוגרפי
מחבר ראשי: Bailey, Stephen
מחברים אחרים: Jorgensen, Kirsten Wolgang, Krüeger Litske, Henrik
פורמט: Texto
יצא לאור: Dublín: Fundación europea para la mejora de las condicines de vida y de trabajo
תגים: הוספת תג
אין תגיות, היה/י הראשונ/ה לתייג את הרשומה!

MARC

LEADER 00000 a a2200000 04500
001 24468
003
040
020 |a 92-826-7681-1  
090 |a 167500  
100 |a Bailey, Stephen  
245 |a Incentivos económicos para la mejora del ambiente de trabajo Resumen y conclusiones de un estudio internacional /  |c Stephen Bailey 
260 |a Dublín:   |b Fundación europea para la mejora de las condicines de vida y de trabajo  
300 |a 47 p   |b il.   |b fonodiscos  
700 |a Jorgensen, Kirsten   |a Wolgang, Krüeger   |a Litske, Henrik  
999 |c 1247  |d 1247